00982nam a2200229 a 450000100100000000500170001000800410002702000180006804000250008608200150011110000330012624500410015926000370020030000210023750000730025852100260033159000270035795201190038495201130050395201190061699900170073500004880920201002061426.0190412s2016 dr 000 0 spa d a9789945167573 aDO-SdBNPbspacBNPHU axxxbS237t1 aSantos, Teannyd1993-97626310aTe amo por siempre /cTeanny Santos. aSanto Domingo, :bBúho,c2016. a145 p. ;c22 cm. aIncluye datos biografícos de la autora en la solapa de la portada.1 aMayores de 18 años. aInventariado, 2019/ YL 0010718DSaGRbGRcCTd2019-04-12iLF1l0oxxx S237tp48809-30r2020-06-25te. 3w2020-06-25yLFDSZNo se presta 0010718PDaPDbPDcCTd2019-04-12iLF1l0oxxx S237tp48809-10r2020-06-25w2020-06-25yLFPDZNo se presta 0010718PDaPDbPDcCTd2019-04-12iLF1l0oxxx S237tp48809-20r2020-06-25te. 2w2020-06-25yLFPDZNo se presta c48297d48297